000 00371nam a2200145Ia 4500
008 211109s9999||||xx |||||||||||||| ||und||
082 _a425
_bBRI-O
100 _aBridges, Robert
245 0 _aOn English Homophones
260 _bOxford University Press
_aBombay
_c1921
300 _a215p.
630 _xGeneral Stack
650 _aENGLISH GRAMMER
_xEnglish
942 _cBOOK
999 _c4144
_d4144